| 000 | 00610nam a22002177a 4500 | ||
|---|---|---|---|
| 999 |
_c19890 _d19890 |
||
| 003 | AR-CdUCM | ||
| 008 | 190222b ||||| |||| 00| 0 spa d | ||
| 040 |
_aMUNICIPALIDAD PROVINCIAL DEL CUSCO _cBIBLIOTECA MUNICIPAL DEL CUSCO |
||
| 041 | _heng | ||
| 082 |
_a823 / _bD96 |
||
| 100 |
_aDaphne Du, Maurier _941579 |
||
| 245 | _aRebeca / | ||
| 260 |
_aNueva York : _bEditors press, _c1939. |
||
| 300 |
_a251 páginas ; _c26 cm. |
||
| 505 | _aContenido : Novela. | ||
| 650 |
_aLiteratura. _983 |
||
| 650 |
_aNovela Inglesa _9365 |
||
| 700 |
_aPerez De Vega, E. _941580 |
||
| 942 |
_2ddc _cLIBROS |
||
| 945 | _arcc | ||